Methodology of Educational Research (Record no. 23916)
[ view plain ]
| 000 -LEADER | |
|---|---|
| fixed length control field | 00241nam a2200085Ia 4500 |
| 008 - FIXED-LENGTH DATA ELEMENTS--GENERAL INFORMATION | |
| fixed length control field | 170620s9999 xx 000 0 und d |
| 100 ## - MAIN ENTRY--PERSONAL NAME | |
| Personal name | Koul- Lokesh |
| 245 #0 - TITLE STATEMENT | |
| Title | Methodology of Educational Research |
| 260 ## - PUBLICATION, DISTRIBUTION, ETC. | |
| Name of publisher, distributor, etc. | New Delhi- Vikas Publishing House Pvt. Ltd. |
| 260 ## - PUBLICATION, DISTRIBUTION, ETC. | |
| Date of publication, distribution, etc. | 2002 |
| Withdrawn status | Lost status | Source of classification or shelving scheme | Damaged status | Not for loan | Home library | Current library | Date acquired | Source of acquisition | Total Checkouts | Barcode | Date last seen | Date last checked out | Price effective from | Koha item type |
|---|---|---|---|---|---|---|---|---|---|---|---|---|---|---|
| IIMT University College of Education | IIMT University College of Education | 07/03/2017 | 85 | 1 | 05-B-2763 | 05/14/2024 | 04/22/2024 | 07/03/2017 | Text-Book- for 7 days | |||||
| IIMT University College of Education | IIMT University College of Education | 07/03/2017 | 85 | 4 | 05-B-5992 | 01/29/2024 | 01/17/2024 | 07/03/2017 | Book Bank | |||||
| IIMT University College of Education | IIMT University College of Education | 07/03/2017 | 85 | 05-B-6313 | 07/03/2017 | 07/03/2017 | Text-Book- for 7 days | |||||||
| IIMT University College of Education | IIMT University College of Education | 07/03/2017 | 85 | 1 | 05-B-6314 | 01/04/2019 | 12/24/2018 | 07/03/2017 | Text-Book- for 7 days |

